| 000 | 00428nam a2200181Ia 4500 | ||
|---|---|---|---|
| 001 | 17730 | ||
| 005 | 20260306171538.0 | ||
| 008 | 260306s9999||||xx |||||||||||||| ||und|| | ||
| 041 | _aESP | ||
| 082 |
_a658.15 _bR84 2007 |
||
| 100 |
_aRoss, Stephen A. _eAUT |
||
| 245 | 0 | _aFinanzas corporativas | |
| 260 | _c2007 | ||
| 300 |
_axxxii, 967 páginas : _c25 cm. |
||
| 650 | _aGEN | ||
| 654 | _aCAN | ||
| 942 |
_cLIB _dJUS _fJUS _2ddc _n |
||
| 999 |
_c17730 _d17730 |
||